Les mouvements scouts en Asie (logos) - Statistiques

Statistiques générales
  • Ce quiz a été pris 5 fois
  • Le résultat moyen est 29 sur 30
Statistiques - réponses
Par images Hint Réponse % Correct
pays gouverné par les Talibans depuis 2021 Afghanistan
100%
premier pays chrétien du monde Arménie
100%
micro-état insulaire du Golfe Bahrein
100%
pays qui s'est séparé du Pakistan en 1971 Bangladesh
100%
ancienne colonie d'Indochine Cambodge
100%
pays connu pour sa pop et son industrie électronique Corée du Sud
100%
riche état pétrolier du Golfe Émirats Arabes Unis
100%
pays orthodoxe du Caucase Géorgie
100%
région autonome sous contrôle britannique jusqu'en 1997 Hong Kong
100%
Inde
100%
grand archipel et pays musulman du monde Indonésie
100%
pays de l'ancienne Mésopotamie Irak
100%
république islamique depuis 1979 Iran
100%
Israel
100%
archipel d'Asie de l'Est Japon
100%
ancienne république sovétique d'Europe centrale Kirghizistan
100%
pays francophone Liban
100%
archipel de l'Océan Indien, destination touristique Maldives
100%
8 des 10 plus hauts sommets du monde s'y trouvent Népal
100%
pays de la Péninsule arabique gouverné par un sultan Oman
100%
pays qui s'est séparé de l'Inde en 1947 Pakistan
100%
sa capitale est trois fois sainte Palestine
100%
pays qui a été colonisé par l'Espagne puis par les États-Unis Philippines
100%
État insulaire renvendiqué par la république populaire de Chine, allié des États-Unis République de Chine (Taiwan)
100%
pays le plus peuplé au monde République populaire de Chine
100%
ancienne république soviétique d'Asie centrale, de langue iranienne et non turcique Tadjikistan
100%
Turquie
100%
ancienne colonie d'Indochine Vietnam
100%
pays le moins dense au monde Mongolie
80%
pays turcophone sur la mer Caspienne Azerbaijan
40%
Aucun quiz correspondant
Distribution des résultats
% des personnes avec chaque résultat
Percentile par nombre de réponses
Votre historique - résultats
Vous n’avez pas pris ce quiz